000 03308nam a2200637Ia 4500
001 dia_7339
003 CHAP
005 20250116134448.0
007 ta
008 220117s2018 mx abdofr 001 0 spa d
040 _cCHAP
_amxchpua
090 _aT.C.773
_bF56 IA
_c2018
245 1 0 _aReporte de viaje de estudios :
_bJalisco, Sinaloa, Sonora, Baja California /
_ccoordinadores Roberto Arturo Flores Alcántara y Emmanuel Flores Girón ; colaboradores Erandi Daniel Alvarado Estrada...[et al.]
260 _aMéxico :
_bEl autor,
_c2018
300 _aviii, 240 hojas :
_bilustraciones, mapas, gráficas, diagramas, tablas, fotos +
_e1 CD-ROM
336 _2rdacontent
_atexto
_btxt
337 _2rdamedia
_ano mediado
_bn
338 _2rdacarrier
_avolumen
_bnc
500 _a4 año Grupo 1 -- El CD contiene reporte -- Directorio: h. 223-224
502 _aViaje de Estudios
_b(IA) --
_cUACh. Departamento de Ingeniería Agroindustrial,
_d2018
504 _aBibliografía: hojas 230-240
505 _aEmpresas visitadas: --
_t1. Nieves Fiestaras, S. A. -- 2. Bimbo, S. A. de C. V. -- 3. Destiladora de agave Aguirreña -- 4. Tequila Orendain de Jalisco, S. A. de C. V. -- 5. Arrocera de Nayarit, S. A. de C. V. -- 6. Maz industria, S. A. de C. V. -- 7. Onilikan -- 8. Agricola Paredes, S. A. de C. V. -- 9. Nami Sake -- 10. Agroindustrias del norte -- 11. Saks del Valle, S. A. de C. V. -- 12. Borco Agroindustrial, S. A. de C. V. -- 13. BG Almacenes y servicios -- 14. Bebidas Mundiales, S. A. de C. V. -- 15. Agroindustrias del desierto, S. A. -- 16. Barón Balché -- 17. Panificadora Bahía, S. A. -- 18. Cervecería Transpeninsular -- 19. Agrimar, S. A. de C. V. -- 20. Vinícola Torres Alegre y familia
650 1 3 _aFrutas
_xIndustria y comercio
_9161711
_zMéxico
650 1 3 _aGranos alimenticios
_9155387
650 1 7 _aIndustria azucarera
_zMéxico
_2
_957791
650 1 0 _aIndustria cervecera
_zMéxico
_9149284
650 1 0 _aIndustria del huevo
_zMéxico
_9150525
650 1 3 _aIndustria del vino
_9161712
_zMéxico
650 1 0 _aAlcoholes etílicos
_9148013
650 1 3 _aOleaginosas
_9143465
650 1 7 _aIndustria lechera
_zMéxico
_2
_957847
650 1 3 _aIndustria pesquera
_9147385
_zMéxico
650 1 3 _aVegetales
_xIndustria y comercio
_xMéxico
_9161716
650 1 3 _aBrewing industry
_9161707
_zMexico
650 1 3 _aDairy industry
_9161708
_zMexico
650 1 3 _aDistilled spirits
_9148015
650 1 3 _aEgg industry
_9161709
_zMexico
650 1 3 _aFood grains
_9155385
650 1 3 _aFruits
_xIndustry and trade
_9161710
_zMexico
650 1 3 _aOilseeds
_9152851
_zMexico
650 1 3 _aFish industry
_9151275
_zMexico
650 1 3 _aWine industry
_9151419
_zMexico
650 1 3 _aSugar industry
_9161714
_zMexico
650 1 3 _aVegetables
_xIndustry and trade
_9161715
_zMexico
700 1 _aFlores Alcántara, Roberto Arturo
_941425
_ecoordinador
700 1 _aFlores Girón, Emmanuel
_ecoordinador
_9161718
700 1 _aAlvarado Estrada, Erandi Daniel
_9161717
_ecolaborador
856 4 1 _uhttp://10.13.5.2/ve/TC773IA/TC773IA2018.pdf
_yDESCARGAR REPORTE
901 _aT.C.773 F56 IA 2018
902 _aM
905 _a5232272018 MX NML 8223123322SPA16
942 _2local
942 _cVE
999 _c177625
_d177625